000 01216nam a22003257a 4500
003 CHAP
005 20220817044152.0
008 070604d1993 mx r 00110 spa d
010 _a93711
011 _a94683
035 _a105278
040 _cCHAP
090 _aFolleto 17256
111 2 _aSeminario de Información y Coordinación Municipal Dirigido a Presidentes Municipales Electos de los Ayuntamientos para el Período Constitucional 1994 - 1996
_n(8 :
_d1993 :
_cToluca, Méx.)
_9104048
245 1 0 _aPresentación general
_c/por Gobierno del Estado de México
260 _aToluca, Méx. :
_bGobierno del Estado de México,
_c1993
300 _a43 p.
590 _aBATCH-UPD
_b10
_c20130110
_lUCH01
_h0835
590 _aBATCH-UPD
_b10
_c20130410
_lUCH01
_h0513
590 _aBATCH-UPD
_b10
_c20130914
_lUCH01
_h1152
590 _aCONVERSION
_b10
_c20130109
_lUCH01
_h1352
650 1 4 _aDesarrollo económico.
650 1 4 _aMéxico (Edo.)
_xCondiciones económicas.
_976824
650 1 4 _aMéxico
_xMunicipios.
_976781
650 1 4 _aTratado Trilateral de Libre Comercio.
901 _aBK
905 _aMarco A. Mendoza T.
942 _cFOLL
949 _aFolleto 17256
_bBC
_cFOLL
_d33724002019157
_eTS1
_i105278
_sb
999 _c93711
_d93711